000 00601nam a2200181 4500
001 137749
003 ES-MaACL
005 20230906195432.0
007 t|
008 070214s1905 sp r ||||1| spa d
100 1 _aSalillas, Rafael.
_9101925
245 1 0 _aMemoria leída en la sesión inaugural celebrada el 19 de octubre de 1905 /
_cpor D. Rafael Salillas.
260 _aMadrid :
_b[s. n.],
_c1905 (
_fImp. a cargo de Eduardo Arias)
300 _a24 p.
500 _aPrecede al tít.: Consejo Penitenciario.
710 2 _aConsejo Penitenciario (España)
_93224
852 _aES-MaACL
_jT-1065-F-8
999 _c137749
_d137749